| 000 | 00819nam a22002057a 4500 | ||
|---|---|---|---|
| 999 |
_c9897 _d9897 |
||
| 003 | AR-CdUCM | ||
| 008 | 190328b ||||| |||| 00| 0 spa d | ||
| 040 |
_aMUNICIPALIDAD PROVINCIAL DEL CUSCO _cBIBLIOTECA MUNICIPAL DEL CUSCO |
||
| 082 |
_a636 / _bSO66 / 1946 |
||
| 100 |
_aSolanet, Emilio _926426 |
||
| 245 | _aLa cría del yeguarizo y remonta / | ||
| 260 |
_aArgentina : _bEdiciones Agro, _c1946. |
||
| 300 |
_a163 paginas ; _bIlustraciones, _c23 cm. |
||
| 505 | _aContenido :La cría del yeguarizo -- Un establecimiento ganadero argentino -- Destete, palanqueada, haba, gusano, castración, doma -- La remonta -- El mejoramiento de las razas caballeres. | ||
| 650 |
_aEstablecimiento ganaderp _926427 |
||
| 650 |
_aCaballerizas _926428 |
||
| 650 |
_aCría y remonta _926429 |
||
| 942 |
_2ddc _cLIBROS |
||
| 945 | _awnts | ||